ACOTAR - Statistics

General Stats
  • This quiz has been taken 792 times
  • The average score is 9 of 12
Answer Stats
Hint Answer % Correct
The oldest Acheron sister Nesta
99%
Feyre's mate Rhysand
96%
Who was the Queen under the mountain Amarantha
93%
Which city is called 'the city of starlight' Velaris
93%
What is feyre's hobby Painting
91%
The author of ACOTAR Sarah j. Maas
89%
Which fairytale/myth is ACOTAR based on Beauty and the beast
70%
Who is lucien's dad Beron
67%
What did feyre see in the ouroborus Herself
67%
The high lord of the winter court Kallias
59%
What's feyre's father known as Prince of merchants
24%
What is the weaver's name Stryga
23%
No matching quizzes found
Score Distribution
Percent of People with Each Score
Percentile by Number Answered
Your Score History
You have not taken this quiz